Every California Place on a Map FULL - Statistics

General Stats
  • This quiz has been taken 26 times
    23 since last reset
  • The average score is 429 of 1975
Answers on the Map
Answers color-coded by a green-red scale on the quiz's map according to % correct below.
 
Answer Stats
Answer % Correct
Los Angeles
80%
Anaheim
60%
Burbank
60%
Chula Vista
60%
Davenport
60%
Elk
60%
Harris
60%
Imperial
60%
Irvine
60%
Long Beach
60%
Midland
60%
Modesto
60%
Oakland
60%
Ontario
60%
Orange
60%
Rancho Cucamonga
60%
Richmond
60%
Sacramento
60%
San Bernardino
60%
San Diego
60%
San Francisco
60%
San Jose
60%
Santa Ana
60%
Stockton
60%
Victor
60%
Washington
60%
Alameda
40%
Alamo
40%
Albany
40%
Alpine
40%
Antioch
40%
Auburn
40%
Baker
40%
Bakersfield
40%
Bard
40%
Benton
40%
Beverly Hills
40%
Brawley
40%
Bridgeport
40%
Camino
40%
Carlsbad
40%
Challenge-Brownsville
40%
Chester
40%
Chico
40%
Chino
40%
Clay
40%
Clayton
40%
Clinton
40%
Clovis
40%
Collinsville
40%
Columbia
40%
Corona
40%
Dublin
40%
East Los Angeles
40%
El Cajon
40%
El Centro
40%
Elk Grove
40%
Escondido
40%
Essex
40%
Eureka
40%
Fairfield
40%
Felicity
40%
Florence-Graham
40%
Florin
40%
Fontana
40%
Franklin
40%
Fremont
40%
Fresno
40%
Fullerton
40%
Garden Grove
40%
Glendale
40%
Gonzales
40%
Greenville
40%
Hayward
40%
Heber
40%
Hillsborough
40%
Holt
40%
Holtville
40%
Huntington Beach
40%
Jackson
40%
Jurupa Valley
40%
Kensington
40%
Lafayette
40%
Lake of the Woods
40%
Lakewood
40%
La Mesa
40%
La Mirada
40%
Lancaster
40%
Lincoln
40%
Livingston
40%
London
40%
Los Alamos
40%
Malibu
40%
Manchester
40%
Martinez
40%
Mendocino
40%
Menifee
40%
Merced
40%
Meridian
40%
Middletown
40%
Milton
40%
Mission Viejo
40%
Moreno Valley
40%
Murrieta
40%
Napa
40%
Newcastle
40%
Norwalk
40%
Oceanside
40%
Oxnard
40%
Palermo
40%
Palmdale
40%
Palm Springs
40%
Pasadena
40%
Patterson
40%
Pomona
40%
Quincy
40%
Riverside
40%
Salinas
40%
San Andreas
40%
San Anselmo
40%
San Benito
40%
San Bruno
40%
San Buenaventura
40%
San Carlos
40%
San Clemente
40%
San Dimas
40%
San Fernando
40%
San Gabriel
40%
Sanger
40%
San Jacinto
40%
San Joaquin
40%
San Juan Bautista
40%
San Juan Capistrano
40%
San Leandro
40%
San Lucas
40%
San Luis Obispo
40%
San Marcos
40%
San Marino
40%
San Martin
40%
San Mateo
40%
San Miguel
40%
San Pablo
40%
San Rafael
40%
San Ramon
40%
Santa Barbara
40%
Santa Clara
40%
Santa Clarita
40%
Santa Cruz
40%
Santa Maria
40%
Santa Monica
40%
Santa Paula
40%
Santa Rosa
40%
Selma
40%
Shasta
40%
Sheridan
40%
Sierra Madre
40%
Sonoma
40%
South San Francisco
40%
Stanford
40%
Stanton
40%
Sunnyvale
40%
Temecula
40%
Thornton
40%
Thousand Oaks
40%
Torrance
40%
Union City
40%
Vallejo
40%
Victorville
40%
Visalia
40%
Walker
40%
Wallace
40%
Williams
40%
Winterhaven
40%
Youngstown
40%
Yuba City
40%
Acalanes Ridge
20%
Acampo
20%
Acton
20%
Adelanto
20%
Adin
20%
Agoura Hills
20%
Agua Dulce
20%
Aguanga
20%
Ahwahnee
20%
Airpot
20%
Albion
20%
Alderpoint
20%
Alhambra
20%
Alhambra Valley
20%
Aliso Viejo
20%
Alleghany
20%
Allendale
20%
Allensworth
20%
Almador City
20%
Almador PInes
20%
Almanor
20%
Alondra Park
20%
Alpaugh
20%
Alpine Meadows
20%
Alpine Village
20%
Alta
20%
Altadena
20%
Alta Sierra
20%
Alto
20%
Alturas
20%
Alum Rock
20%
Amboy
20%
American Canyon
20%
Amesti
20%
Anchor Bay
20%
Anderson
20%
Angels
20%
Angelus Oaks
20%
Angwin
20%
Annapolis
20%
Antelope
20%
Antelope Acres
20%
Anza
20%
Applegate
20%
Apple Valley
20%
Aptos
20%
Aptos Hills-Larkin Valley
20%
Arbuckle
20%
Arcadia
20%
Arcata
20%
Arden-Arcade
20%
Armona
20%
Arnold
20%
Aromas
20%
Arroyo Grande
20%
Artesia
20%
Artois
20%
Arvin
20%
Ashland
20%
Aspendell
20%
Aspen Springs
20%
Atascadero
20%
Atherton
20%
Atwater
20%
Auberry
20%
Auburn Lake Trails
20%
August
20%
Avalon
20%
Avenal
20%
Avery
20%
Avila Beach
20%
Avocado Heights
20%
Azusa
20%
Badger
20%
Bakersfield Country Club
20%
Baldwin Park
20%
Baldy Mesa
20%
Ballard
20%
Ballena
20%
Ballico
20%
Bangor
20%
Banning
20%
Banta
20%
Bardsdale
20%
Barstow
20%
Bassetts
20%
Bass Lake
20%
Batavia
20%
Baxter
20%
Bayliss
20%
Bay Point
20%
Bayview
20%
Baywood Park
20%
Beale AFB
20%
Bealville
20%
Bear Creek
20%
Bear Valley
20%
Bear Valley Springs
20%
Beaumont
20%
Beckwourth
20%
Belden
20%
Belfast
20%
Bell
20%
Bella Vista
20%
Bell Canyon
20%
Bellflower
20%
Bell Gardens
20%
Bell Mountain
20%
Bel Marin Keys
20%
Belmont
20%
Belvedere
20%
Benbow
20%
Bend
20%
Benicia
20%
Ben Lomond
20%
Benton Park
20%
Berkeley
20%
Bermuda Dunes
20%
Berry Creek
20%
Bertsch-Oceanview
20%
Bethel island
20%
Bieber
20%
Big Bar
20%
Big Bear City
20%
Big Bear Lake
20%
Big Bend
20%
Big Creek
20%
Big Flat
20%
Biggs
20%
Big Lagoon
20%
Big Pine
20%
Big River
20%
Big Sur
20%
Biola
20%
Bishop
20%
Blackhawk
20%
Blacklake
20%
Black Point-Green Point
20%
Blairsden
20%
Blocksburg
20%
Bloomfield
20%
Bloomington
20%
Blue Canyon
20%
Blue Lake
20%
Bluewater
20%
Blythe
20%
Bodega
20%
Bodega Bay
20%
Bodfish
20%
Bolinas
20%
Bombay Beach
20%
Bonadelle Ranchos
20%
Bonita
20%
Bonny Doon
20%
Bonsall
20%
Boonville
20%
Bootjack
20%
Boron
20%
Boronda
20%
Borrego Springs
20%
Bostonia
20%
Boulder Creek
20%
Boulevard
20%
Bowles
20%
Boyes Hot Springs
20%
Bradbury
20%
Bradley
20%
Branscomb
20%
Brea
20%
Brentwood
20%
Bret Harte
20%
Briceburg
20%
Briceland
20%
Bridgeville
20%
Brisbane
20%
Broadmoor
20%
Brookdale
20%
Brooks
20%
Brooktrails
20%
Browns Valley
20%
Buckhorn
20%
Buckingham Park
20%
Buck Meadows
20%
Bucks Lake
20%
Buellton
20%
Buena Park
20%
Buena Vista
20%
Bull Creek
20%
Bumblebee
20%
Burlingame
20%
Burney
20%
Burnt Ranch
20%
Burson
20%
Butte Creek Canyon
20%
Butte Meadows
20%
Butte Valley
20%
Buttonwillow
20%
Byron
20%
Bystrom
20%
Cabazon
20%
Cachauga
20%
Cadiz
20%
Calabasas
20%
Calaveritas
20%
Calexico
20%
Caliente
20%
California City
20%
California Pines
20%
California Polytechnic State University
20%
California Valley
20%
Calimesa
20%
Calipatria
20%
Calistoga
20%
Callahan
20%
Callender
20%
Calpella
20%
Calpine
20%
Calwa
20%
Camanche North Shore
20%
Camanche Village
20%
Camarillo
20%
Cambria
20%
Cambrian Park
20%
Cameron Park
20%
Camino Tassajara
20%
Campbell
20%
Camp Nelson
20%
Campo
20%
Campo Seco
20%
Camp Pendleton Mainside
20%
Camp Pendleton South
20%
Camp Richardson
20%
Camptonville
20%
Canby
20%
Cantua Creek
20%
Canyondam
20%
Canyon Lake
20%
Capay
20%
Capitola
20%
Caribou
20%
Carlotta
20%
Carmel
20%
Carmel Highlands
20%
Carmel Valley Village
20%
Carrick
20%
Casitas Springs
20%
Cecilville
20%
Cedar Ridge
20%
Cedar Slope
20%
Cedarville
20%
Centerville
20%
Ceres
20%
Cerritos
20%
Chalfant
20%
Chambless
20%
Channel Islands Beach
20%
Charleston View
20%
Charter Oak
20%
Cherokee
20%
Cherokee Strip
20%
Cherryland
20%
Cherry Valley
20%
Chicago Park
20%
Chilcoot-Vinton
20%
China Lake Acres
20%
Chinese Camp
20%
Chino Hills
20%
Chiriaco Summit
20%
Chittenden
20%
Chowchilla
20%
Chualar
20%
Cima
20%
Circle Oaks
20%
Cisco Grove
20%
Citrus
20%
Citrus Heights
20%
Claremont
20%
Clarksburg
20%
Clear Creek
20%
Clearlake
20%
Clearlake Oaks
20%
Clearlake Riviera
20%
Clements
20%
Cleone
20%
Clio
20%
Clipper Gap
20%
Clipper Mills
20%
Cloverdale
20%
Clyde
20%
Coachella
20%
Coalinga
20%
Coarsegold
20%
Cobb
20%
Coffee Creek
20%
Cohasset
20%
Cold Springs
20%
Coleville
20%
Colfax
20%
College City
20%
Collierville
20%
Colma
20%
Coloma
20%
Colton
20%
Colusa
20%
Commerce
20%
Comptche
20%
Compton
20%
Concord
20%
Concow
20%
Contra Costa Centre
20%
Cooks Valley
20%
Cool
20%
Copperopolis
20%
Corcoran
20%
Cornell
20%
Corning
20%
Coronado
20%
Coronita
20%
Corral de Tierra
20%
Corralitos
20%
Corte Madera
20%
Costa Mesa
20%
Cotati
20%
Coto De Caza
20%
Cottonwood
20%
Coulterville
20%
Country Club
20%
Courtland
20%
Covelo
20%
Covina
20%
Covington Mill
20%
Cowan
20%
Crane Creek
20%
Crescent City
20%
Crescent Mills
20%
Cressey
20%
Crest
20%
Crestline
20%
Creston
20%
C Road
20%
Crockett
20%
Cromberg
20%
Crowley Lake
20%
Crows Landing
20%
Cudahy
20%
Culver City
20%
Cupertino
20%
Cutler
20%
Cutten
20%
Cuyama
20%
Cypress
20%
Daggett
20%
Dales
20%
Daly City
20%
Dana Point
20%
Danville
20%
Daphnedale Park
20%
Dardenelle
20%
Darwin
20%
Davis
20%
Davis Creek
20%
Day Valley
20%
Death Valley Junction
20%
Deer Park
20%
Del Aire
20%
Delano
20%
Del Dios
20%
Delevan
20%
Delft Colony
20%
Delhi
20%
Delleker
20%
Del Loma
20%
Del Mar
20%
Del Monte Forest
20%
Del Rey
20%
Del Rey Oaks
20%
Del Rio
20%
Del Sur
20%
Denair
20%
Derby Acres
20%
Descanso
20%
Desert Center
20%
Desert Edge
20%
Desert Hot Springs
20%
Desert Palms
20%
Desert Shores
20%
Desert View Highlands
20%
Diablo
20%
Diablo Grande
20%
Diamond Bar
20%
Diamond Springs
20%
Di Giorgio
20%
Dillon Beach
20%
Dinsmore
20%
Dinuba
20%
Discovery Bay
20%
Dixieland
20%
Dixon
20%
Dixon Lane-Meadow Creek
20%
Dobbins
20%
Dogtown
20%
Dollar Point
20%
Dorrington
20%
Dorris
20%
Dos Palos
20%
Dos Palos Y
20%
Dos Rios
20%
Douglas City
20%
Douglas Flat
20%
Downey
20%
Downieville
20%
Doyle
20%
Drytown
20%
Duarte
20%
Ducor
20%
Dulzura
20%
Duncans Mills
20%
Dunlap
20%
Dunneville
20%
Dunnigan
20%
Dunsmuir
20%
Durham
20%
Dustin Acres
20%
Dutch Flat
20%
Eagleville
20%
Earlimart
20%
Earp
20%
East Bakersfield
20%
Eastern Goleta Valley
20%
East Foothills
20%
East Gridley
20%
East Hemet
20%
East Nicolaus
20%
East Niles
20%
East Oakdale
20%
Easton
20%
East Orosi
20%
East Palo Alto
20%
East Pasadena
20%
East Porterville
20%
East Quincy
20%
East Rancho Dominguez
20%
East Richmond Heights
20%
East San Gabriel
20%
East Shore
20%
East Sonora
20%
East Tulare Villa
20%
Eastvale
20%
East Whittier
20%
Eden Valley
20%
Edgewood
20%
Edison
20%
Edmunson Acres
20%
Edna
20%
Edwards AFB
20%
El Adobe
20%
El Camino
20%
El Centro Naval Air Facility
20%
El Cerrito
20%
El Dorado Hills
20%
Eldridge
20%
Elfin Forest
20%
El Granada
20%
Elizabeth Lake
20%
Elk Creek
20%
Elkhorn
20%
El Macero
20%
Elmira
20%
El Mirage
20%
El Monte
20%
El Monte Mobile Village
20%
El Nido
20%
El Portal
20%
El Rancho
20%
El Rio
20%
El Segundo
20%
El Sobrante
20%
El Verano
20%
Elverta
20%
Emerald Bay
20%
Emerald Lake Hills
20%
Emeryville
20%
Emigrant Gap
20%
Empire
20%
Encinitas
20%
Escalon
20%
Esparto
20%
Etna
20%
Ettersburg
20%
Eucalyptus Hills
20%
Exeter
20%
Fairbanks Ranch
20%
Fairfax
20%
Fairhaven
20%
Fairmead
20%
Fairmont
20%
Fair Oaks
20%
Fairplay
20%
Fairview
20%
Fallbrook
20%
Fallen Leaf
20%
Fall River Mills
20%
Faria Beach
20%
Farmersville
20%
Farmington
20%
Fawnskin
20%
Felix
20%
Fellows
20%
Felton
20%
Ferndale
20%
Fetters Hot Springs-Agua Caliente
20%
Fickle Hill
20%
Fiddletown
20%
Fieldbrook
20%
Fields Landing
20%
Fillmore
20%
Finley
20%
Firebaugh
20%
Fish Camp
20%
Floriston
20%
Flournoy
20%
Folsom
20%
Foothill Farms
20%
Forbestown
20%
Ford City
20%
Forest City
20%
Forest Falls
20%
Forest Glen
20%
Foresthill
20%
Forest Hills
20%
Forest Meadows
20%
Forest Ranch
20%
Forestville
20%
Forks of Salmon
20%
Fort Bidwell
20%
Fort Bragg
20%
Fort Dick
20%
Fort Hunter Liggett
20%
Fort Irwin
20%
Fort Jones
20%
Fort Seward
20%
Fortuna
20%
Fort Washington
20%
Foster City
20%
Fountain Valley
20%
Fowler
20%
Frazier Park
20%
Freedom
20%
Freeport
20%
French Camp
20%
French Corral
20%
French Gulch
20%
French Valley
20%
Fresh Pond
20%
Freshwater
20%
Friant
20%
Fruitdale
20%
Fruitland
20%
Fruitridge Pocket
20%
Fruto
20%
Fuller Acres
20%
Fulton
20%
Furnace Creek
20%
Gabilan Acres
20%
Galt
20%
Garberville
20%
Gardena
20%
Garden Acres
20%
Garden Farms
20%
Garden Valley
20%
Garey
20%
Garnet
20%
Gasquet
20%
Gazelle
20%
Genesee
20%
Georgetown
20%
Gerber
20%
Geyserville
20%
Gilroy
20%
Glencoe
20%
Glendora
20%
Glen Ellen
20%
Glenhaven
20%
Glenn
20%
Glennville
20%
Glenwood
20%
Goffs
20%
Golden Hills
20%
Gold Hill
20%
Gold Mountain
20%
Gold River
20%
Gold Run
20%
Goleta
20%
Good Hope
20%
Goodmanville
20%
Goodyears Bar
20%
Gorman
20%
Goshen
20%
Graeagle
20%
Grand Terrace
20%
Grangeville
20%
Granite Bay
20%
Granite Hills
20%
Graniteville
20%
Grass Valley
20%
Graton
20%
Grayson
20%
Greeley Hill
20%
Greenacres
20%
Green Acres
20%
Greenfield
20%
Greenhorn
20%
Green Valley
20%
Green Valley Lake
20%
Greenview
20%
Greenwood
20%
Grenada
20%
Gridley
20%
Grimes
20%
Grizzly Flats
20%
Groveland
20%
Grover Beach
20%
Guadalupe
20%
Gualala
20%
Guatay
20%
Guerneville
20%
Guinda
20%
Gustine
20%
Hacienda
20%
Hacienda Heights
20%
Half Moon Bay
20%
Hamilton Branch
20%
Hamilton City
20%
Hanford
20%
Happy Camp
20%
Happy Valley
20%
Harbinson Canyon
20%
Hardwick
20%
Harmony
20%
Harmony Grove
20%
Hartland
20%
Hartley
20%
Hasley Canyon
20%
Hat Creek
20%
Hatfield
20%
Hathaway Pines
20%
Havasu Lake
20%
Havilah
20%
Hawaiian Gardens
20%
Hawkinsville
20%
Hawthorne
20%
Hayfork
20%
Healdsburg
20%
Hearst
20%
Heather Glen
20%
Hemet
20%
Herald
20%
Hercules
20%
Herlong
20%
Hermosa Beach
20%
Hesperia
20%
Hickman
20%
Hidden Hills
20%
Hidden Meadows
20%
Hidden Valley Lake
20%
Higgins Corner
20%
Highgrove
20%
Highland
20%
Highlands
20%
Hillcrest
20%
Hilmar-Irwin
20%
HIlt
20%
Hinds-Hayfield
20%
Hinkley
20%
Hiouchi
20%
Hi Vista
20%
Hodge
20%
Hollister
20%
Holmes
20%
Home Garden
20%
Home Gardens
20%
Homeland
20%
Homestead Valley
20%
Homewood
20%
Homewood Canyon
20%
Honcut
20%
Honeydew
20%
Hood
20%
Hoopa
20%
Hopland
20%
Hornbrook
20%
Hornitos
20%
Horse Creek
20%
Huasna
20%
Hughson
20%
Humboldt Hill
20%
Hume
20%
Huntington Lake
20%
Huntington Park
20%
Huron
20%
Hyampom
20%
Hydesville
20%
Hypericum
20%
Idlewild
20%
Idria
20%
Idyllwild-Pine Cove
20%
Igo
20%
Imperial Beach
20%
Incline
20%
Independence
20%
Indian Falls
20%
Indianola
20%
Indian Wells
20%
Indio
20%
Indio Hills
20%
Industry
20%
Inglenook
20%
Inglewood
20%
Ingomar
20%
Interlaken
20%
Inverness
20%
Inyokern
20%
Ione
20%
Iowa Hill
20%
Iron Horse
20%
Irwindale
20%
Island Mountain
20%
Isla Vista
20%
Isleton
20%
Ivanhoe
20%
Jacumba
20%
Jamestown
20%
Jamul
20%
Janesville
20%
Jenner
20%
Jerseydale
20%
Johannesburg
20%
Johnsondale
20%
Johnson Park
20%
Johnstonville
20%
Johnsville
20%
Jolon
20%
Jones Valley
20%
Jonesville
20%
Joshua Tree
20%
Jovista
20%
Julian
20%
Junction City
20%
June Lake
20%
Juniper Hills
20%
Kagel Canyon
20%
Keddie
20%
Keeler
20%
Keene
20%
Kelly Ridge
20%
Kelsey
20%
Kelseyville
20%
Kelso
20%
Kennedy
20%
Kennedy Meadows
20%
Kentfield
20%
Kenwood
20%
Kepel
20%
Kerman
20%
Kernville
20%
Keswick
20%
Kettleman City
20%
Keyes
20%
King City
20%
King Salmon
20%
Kings Beach
20%
Kingsburg
20%
Kings Mountain
20%
Kingvale
20%
Kinneloa Mesa
20%
Kirkwood
20%
Klamath
20%
Kneeland
20%
Knights Ferry
20%
Knights Landing
20%
Knoxville
20%
Kramer
20%
Kyburz
20%
La Canada Flintridge
20%
La Conchita
20%
La Crescenta-Montrose
20%
La Cresta
20%
La Delta
20%
Ladera
20%
Ladera Heights
20%
Ladera Ranch
20%
La Grange
20%
Laguna Beach
20%
Laguna Hills
20%
Laguna Niguel
20%
Laguna Woods
20%
Lagunitas-Forest Knolls
20%
La Habra
20%
La Habra Heights
20%
La Honda
20%
Lake Almanor Country Club
20%
Lake Almanor Peninsula
20%
Lake Almanor West
20%
Lake Arrowhead
20%
Lake California
20%
Lake City
20%
Lake Davis
20%
Lake Don Pedro
20%
Lake Elsinore
20%
Lake Forest
20%
Lakehead
20%
Lake Hughes
20%
Lake Isabella
20%
Lakeland Village
20%
Lake Los Angeles
20%
Lake Matthews
20%
Lake Nacimiento
20%
Lake of the Pines
20%
Lakeport
20%
Lake Riverside
20%
Lake San Marcos
20%
Lake Shastina
20%
Lake Sherwood
20%
Lakeside
20%
Lakeview
20%
Lake Wildwood
20%
Lamont
20%
Lanare
20%
La Palma
20%
La Porte
20%
La Presa
20%
La Puente
20%
La Quinta
20%
La Riviera
20%
Larkfield-Wikiup
20%
Larkspur
20%
La Selva Beach
20%
Las Flores
20%
Las Lomas
20%
Lathrop
20%
Laton
20%
Latrobe
20%
Laurel
20%
La Verne
20%
La Vina
20%
Lawndale
20%
Laytonville
20%
Leavitt
20%
Lebec
20%
Lee Vining
20%
Leggett
20%
Le Grand
20%
Lemon Cove
20%
Lemon Grove
20%
Lemon Hill
20%
Lemoore
20%
Lemoore Station
20%
Lennox
20%
Lenwood
20%
Leona Valley
20%
Lewiston
20%
Lexington Hills
20%
Likely
20%
Lincoln Village
20%
Linda
20%
Lindcove
20%
Linden
20%
Lindsay
20%
Linnell Camp
20%
Litchfield
20%
Little Grass Valley
20%
Little River
20%
Littlerock
20%
Little Valley
20%
Live Oak
20%
Livermore
20%
Llano
20%
Loch Lomond
20%
Lockeford
20%
Lockwood
20%
Lodi
20%
Lodoga
20%
Lokoya
20%
Loleta
20%
Loma Chiquita
20%
Loma Linda
20%
Loma Mar
20%
Loma Rica
20%
Lomita
20%
Lompico
20%
Lompoc
20%
Lone Pine
20%
Long Barn
20%
Longvale
20%
Lonoak
20%
Lookout
20%
Loomis
20%
Loraine
20%
Los Alamitos
20%
Los Altos
20%
Los Altos Hills
20%
Los Banos
20%
Los Berros
20%
Los Gatos
20%
Los Molinos
20%
Los Olivos
20%
Los Osos
20%
Los Ranchos
20%
Lost Hills
20%
Lower Lake
20%
Loyalton
20%
Loybas Hill
20%
Loyola
20%
Lucas Valley-Marinwood
20%
Lucerne
20%
Lucerne Valley
20%
Ludlow
20%
Lynwood
20%
Lytle Creek
20%
Mabie
20%
MacDoel
20%
Madeline
20%
Madera
20%
Madera Acres
20%
Madera Ranchos
20%
Madison
20%
Mad River
20%
Magalia
20%
Malaga
20%
Mammoth Lakes
20%
Manhattan Beach
20%
Manila
20%
Manteca
20%
Manton
20%
March AFB
20%
Maricopa
20%
Marina
20%
Marina Del Rey
20%
Marin City
20%
Mariposa
20%
Markleeville
20%
Mark West
20%
Martell
20%
Marysville
20%
Matheny
20%
Mather
20%
Maxwell
20%
Mayfair
20%
Mayflower Village
20%
Maywood
20%
McArthur
20%
McClellan Park
20%
McClenney Tract
20%
McCloud
20%
McFarland
20%
McGee Creek
20%
McKinleyville
20%
McKittrick
20%
McSwain
20%
Meadowbrook
20%
Meadow Valley
20%
Meadow Vista
20%
Mead Valley
20%
Mecca
20%
Meeks Bay
20%
Meiners Oaks
20%
Mendota
20%
Menlo Park
20%
Mentone
20%
Mesa
20%
Mesa Verde
20%
Mesa Vista
20%
Mettler
20%
Mexican Colony
20%
Meyers
20%
Michigan Bluff
20%
Midpines
20%
Midway City
20%
Milford
20%
Millbrae
20%
Millerton
20%
Mill Valley
20%
Millville
20%
Milpitas
20%
Mineral
20%
Minkler
20%
Mira Monte
20%
Miramonte
20%
Miranda
20%
Mission Canyon
20%
Mission Hills
20%
Mi Wuk Village
20%
Moccasin
20%
Modjeska
20%
Mohawk Vista
20%
Mojave
20%
Mokelumne Hill
20%
Monmouth
20%
Mono City
20%
Mono Hot Springs
20%
Mono Vista
20%
Monrovia
20%
Monson
20%
Montague
20%
Montalvin Manor
20%
Montara
20%
Montclair
20%
Montebello
20%
Montecito
20%
Monte Nido
20%
Monterey
20%
Monterey Park
20%
Monterey Park Tract
20%
Monte Rio
20%
Monte Sereno
20%
Montgomery Creek
20%
Monument Hills
20%
Mooney Flat
20%
Moorpark
20%
Morada
20%
Moraga
20%
Morgan Hill
20%
Morongo Valley
20%
Morro Bay
20%
Moskowite Corner
20%
Moss Beach
20%
Moss Landing
20%
Mountain Center
20%
Mountain Gate
20%
Mountain Home Village
20%
Mountain House
20%
Mountain Meadows
20%
Mountain Mesa
20%
Mountain Pass
20%
Mountain Ranch
20%
Mountain View
20%
Mountain View Acres
20%
Mount Aukum
20%
Mount Baldy
20%
Mount Bullion
20%
Mount Hamilton
20%
Mount Hebron
20%
Mount Hermon
20%
Mount Laguna
20%
Mount Shasta
20%
Muir Beach
20%
Murphys
20%
Muscoy
20%
Mussel Shoals
20%
Myers Flat
20%
Myrtletown
20%
Nacomis Indian Rancheria
20%
Nashville
20%
National City
20%
Navalencia
20%
Navarro
20%
Needles
20%
Neenach
20%
Nevada City
20%
New Almaden
20%
Newark
20%
Newberry Springs
20%
New Cuyama
20%
Newell
20%
Newman
20%
New Pine Creek
20%
Newport Beach
20%
Newtown
20%
Newville
20%
Nicasio
20%
Nice
20%
Nicolaus
20%
Niland
20%
Nipinnawasee
20%
Nipomo
20%
Nipton
20%
Norco
20%
Nord
20%
Norden
20%
Norris Canyon
20%
North Auburn
20%
North Edwards
20%
North El Monte
20%
North Fair Oaks
20%
North Fork
20%
North Gate
20%
North Highlands
20%
North Lakeport
20%
North Palm Springs
20%
North Richmond
20%
North San Juan
20%
North Shore
20%
Northspur
20%
North Tustin
20%
Northwood
20%
Novato
20%
Nubieber
20%
Nuevo
20%
Oakdale
20%
Oak Glen
20%
Oak Grove
20%
Oak Hills
20%
Oakhurst
20%
Oak Knoll
20%
Oakley
20%
Oak Park
20%
Oak Run
20%
Oak Shores
20%
Oak View
20%
Oakville
20%
Oasis
20%
Occidental
20%
Oceano
20%
Ocotillo
20%
Ocotillo Wells
20%
Oildale
20%
Ojai
20%
Olancha
20%
Olde Stockdale
20%
Old Fig Garden
20%
Old River
20%
Old Station
20%
Old Stine
20%
Olema
20%
Olivehurst
20%
Olympic Valley
20%
Omo Ranch
20%
Oneals
20%
Ono
20%
Onyx
20%
Ophir
20%
Orange Blossom
20%
Orange Cove
20%
Orangevale
20%
Orcutt
20%
Ordbend
20%
Orick
20%
Orinda
20%
Orland
20%
Orleans
20%
Orosi
20%
Oroville
20%
Oroville East
20%
Outingdale
20%
Pacheco
20%
Pacifica
20%
Pacific Grove
20%
Paicines
20%
Paintersville
20%
Pajaro
20%
Pajaro Dunes
20%
Pala
20%
Palm Desert
20%
Palo Alto
20%
Palo Cedro
20%
Paloma
20%
Palomar Mountain
20%
Palos Verdes Estates
20%
Palo Verde
20%
Panoche
20%
Panorama Heights
20%
Paradise
20%
Paradise Park
20%
Paramount
20%
Parker Dam
20%
Parkfield
20%
Parklawn
20%
Parksdale
20%
Parkway
20%
Parkwood
20%
Parlier
20%
Pasatiempo
20%
Paskenta
20%
Paso Robles
20%
Patricks Point
20%
Patterson Tract
20%
Patton
20%
Patton Village
20%
Pauma Valley
20%
Paxton
20%
Paynes Creek
20%
Peanut
20%
Pearblossom
20%
Peardale
20%
Pearsonville
20%
Penngrove
20%
Penn Valley
20%
Penryn
20%
Pepperdine University
20%
Pepperwood
20%
Perris
20%
Pescadero
20%
Petaluma
20%
Petaluma Center
20%
Peters
20%
Petrolia
20%
Phelan
20%
Phillipsville
20%
Philo
20%
Phoenix Lake
20%
Pico Rivera
20%
Piedmont
20%
Pierpoint
20%
Pike
20%
Pilot Hill
20%
Pine Canyon
20%
Pinecrest
20%
Pine Flat
20%
Pine Grove
20%
Pine Hills
20%
Pinehurst
20%
Pine Mountain Club
20%
Pine Mountain Lake
20%
Pine Valley
20%
Pinole
20%
Pinon Hills
20%
Pinon Pines Estates
20%
Pinyon Pines
20%
Pioneer
20%
Pioneertown
20%
Piru
20%
Pismo Beach
20%
Pittsburg
20%
Pixley
20%
Placentia
20%
Placerville
20%
Plainsburg
20%
Plainview
20%
Planada
20%
Plaster City
20%
Platina
20%
Pleasant Grove
20%
Pleasant HIll
20%
Pleasanton
20%
Pleasant Valley
20%
Pleasure Point
20%
Plumas Eureka
20%
Plumas Lake
20%
Plymouth
20%
Point Arena
20%
Point Reyes Station
20%
Pollock Pines
20%
Pond
20%
Ponderosa
20%
Pope Valley
20%
Poplar-Cotton Center
20%
Port Costa
20%
Porterville
20%
Port Hueneme
20%
Portola
20%
Portola Valley
20%
Port Watsonville
20%
Posey
20%
Poso Park
20%
Post Mountain
20%
Potomac Park
20%
Potrero
20%
Potter Valley
20%
Poway
20%
Pozo
20%
Prather
20%
Prattville
20%
Princeton
20%
Proberta
20%
Prunedale
20%
Pulga
20%
Pumpkin Center
20%
Quartz Hill
20%
Quintette
20%
Rackerby
20%
Radec
20%
Rail Road Flat
20%
Rainbow
20%
Raisin City
20%
Ramona
20%
Ranchita
20%
Rancho Calaveras
20%
Rancho Cordova
20%
Rancho Dominguez
20%
Rancho Mirage
20%
Rancho Mission Viejo
20%
Rancho Murieta
20%
Rancho Palos Verdes
20%
Rancho San Diego
20%
Rancho Santa Fe
20%
Rancho Santa Margarita
20%
Rancho Tehama Reserve
20%
Randsburg
20%
Raymond
20%
Red Bank
20%
Red Bluff
20%
Red Corral
20%
Redcrest
20%
Redding
20%
Redlands
20%
Red Mountain
20%
Redondo Beach
20%
Redway
20%
Redwood City
20%
Redwood Valley
20%
Reedley
20%
Reliez Valley
20%
Rescue
20%
Rexland Acres
20%
Rialto
20%
Richfield
20%
Richgrove
20%
Richvale
20%
Ridgecrest
20%
Ridgecrest Heights
20%
Ridgemark
20%
Rincon
20%
Rio Dell
20%
Rio Del Mar
20%
Rio Linda
20%
Rio Oso
20%
Rio Vista
20%
Ripley
20%
Ripon
20%
Riverbank
20%
Riverdale
20%
Riverdale Park
20%
Rivergrove
20%
River Oaks
20%
River Pines
20%
Riverside Park
20%
Roads End/Fairview
20%
Robbins
20%
Roberts Ferry
20%
Robinson Mill
20%
Rocklin
20%
Rockville
20%
Rodeo
20%
Rodriguez Camp
20%
Rohnert Park
20%
Rolling Hills
20%
Rolling Hills Estates
20%
Rollingwood
20%
Romoland
20%
Rosamond
20%
Rosedale
20%
Rose Hills
20%
Rosemead
20%
Rosemont
20%
Roseville
20%
Rosewood
20%
Ross
20%
Rossmoor
20%
Rough and Ready
20%
Round Mountain
20%
Round Valley
20%
Rouse
20%
Rowland Heights
20%
Rumsey
20%
Running Springs
20%
Ruth
20%
Rutherford
20%
Sage
20%
Saint Helena
20%
Salida
20%
Salmon Creek
20%
Salton City
20%
Salton Sea Beach
20%
Salyer
20%
Samoa
20%
San Antonio Heights
20%
San Antonio Valley
20%
San Ardo
20%
San Benancio
20%
Sandberg
20%
Sand City
20%
San Diego Country Estates
20%
Sandy Gulch
20%
San Geronimo
20%
San Gregorio
20%
San Lorenzo
20%
San Pasqual
20%
San Quentin
20%
San Simeon
20%
Santa Fe Springs
20%
Santa Margarita
20%
Santa Nella
20%
Santa Rosa Valley
20%
Santa Susana
20%
Santa Venetia
20%
Santa Ynez
20%
Santa Ysabel
20%
Santee
20%
Saranap
20%
Saratoga
20%
Saticoy
20%
Sattley
20%
Sausalito
20%
Sawyers Bar
20%
Schellville
20%
Scotia
20%
Scott Bar
20%
Scotts Valley
20%
Seacliff
20%
Seal Beach
20%
Sea Ranch
20%
Searles Valley
20%
Seaside
20%
Sebastopol
20%
Seeley
20%
Seiad Valley
20%
Sequoia Crest
20%
Sereno Del Mar
20%
Seville
20%
Shady Glen
20%
Shafter
20%
Shandon
20%
Sharon
20%
Shasta Lake
20%
Shaver Lake
20%
Sheep Ranch
20%
Shell Ridge
20%
Shelter Cove
20%
Shelter Valley
20%
Shingle Springs
20%
Shingletown
20%
Shively
20%
Shoshone
20%
Sicard Flat
20%
Sierra Brooks
20%
Sierra City
20%
Sierra Springs
20%
Sierra Village
20%
Sierraville
20%
Signal Hill
20%
Silverado
20%
Silverado Resort
20%
Silver City
20%
Silver Lakes
20%
Simi Valley
20%
Sisquoc
20%
Sites
20%
Skyland
20%
Sky Valley
20%
Slab City
20%
Sleepy Hollow
20%
Sly Park
20%
Smartsville
20%
Smith Corner
20%
Smith River
20%
Snelling
20%
Soda Bay
20%
Soda Springs
20%
Solana Beach
20%
Soledad
20%
Solvang
20%
Somerset
20%
Somis
20%
Sonoma State University
20%
Sonora
20%
Soquel
20%
Soulsbyville
20%
South Dos Palos
20%
South El Monte
20%
South Gate
20%
South Lake Tahoe
20%
South Monrovia Island
20%
South Oroville
20%
South Pasadena
20%
South San Gabriel
20%
South San Jose Hills
20%
South Taft
20%
South Whittier
20%
Spaulding
20%
Spreckels
20%
Spring Garden
20%
Spring Valley
20%
Spring Valley Lake
20%
Springville
20%
Spyrock
20%
Squaw Valley
20%
Squirrel Mountain Valley
20%
Stafford
20%
Stallion Springs
20%
Standard
20%
Standish
20%
Stebbins
20%
Stent
20%
Stevenson Ranch
20%
Stevinson
20%
Stinson Beach
20%
Stirling City
20%
Stones Landing
20%
Stonyford
20%
Storrie
20%
Stratford
20%
Strathmore
20%
Strawberry
20%
Strawberry Valley
20%
Sugarloaf Saw Mill
20%
Sugarloaf Village
20%
Suisun City
20%
Sultana
20%
Summerland
20%
Summit
20%
Sunfair
20%
Sunnyside
20%
Sunnyside-Tahoe City
20%
Sunny Slopes
20%
Sunol
20%
Sun Village
20%
Susanville
20%
Sutter
20%
Sutter Creek
20%
Swall Meadows
20%
Taft
20%
Taft Heights
20%
Taft Mosswood
20%
Tahoe Vista
20%
Tahoma
20%
Talmage
20%
Tamalpais-Homestead Valley
20%
Tancred
20%
Tara Hills
20%
Tarina
20%
Tarpey Village
20%
Tassajara
20%
Taylorsville
20%
Tecate
20%
Tecopa
20%
Tehachapi
20%
Tehama
20%
Temelec
20%
Temescal Valley
20%
Temple City
20%
Templeton
20%
Tennant
20%
Terminous
20%
Termo
20%
Terra Bella
20%
Teviston
20%
Thermal
20%
Thermalito
20%
Thousand Palms
20%
Three Points
20%
Three Rivers
20%
Three Rocks
20%
Tiburon
20%
Timber Cove
20%
Tionesta
20%
Tipton
20%
Tobin
20%
Tollhouse
20%
Tomales
20%
Tonyville
20%
Tooleville
20%
Topanga
20%
Topaz
20%
Toro Canyon
20%
Toro Park
20%
Trabuco Canyon
20%
Tracy
20%
Tranquility
20%
Traver
20%
Tres Pinos
20%
Trigo
20%
Trimmer
20%
Trinidad
20%
Trinity Center
20%
Trinity Village
20%
Trona
20%
Trowbridge
20%
Truckee
20%
Tulare
20%
Tulelake
20%
Tuolumne City
20%
Tupman
20%
Turlock
20%
Tustin
20%
Tuttle
20%
Tuttletown
20%
Twain
20%
Twain Harte
20%
Twentynine Palms
20%
Twin Bridges
20%
Twin Lakes
20%
Twin Oaks
20%
Two Harbors
20%
Two Rock
20%
Ukiah
20%
Ukiah Rancheria
20%
Union Hill
20%
Universal City
20%
University of California Davis
20%
University of California Merced
20%
University of California Santa Barbara
20%
Upland
20%
Upper Lake
20%
Vacaville
20%
Valinda
20%
Vallecito
20%
Valle Vista
20%
Valley Acres
20%
Valley Center
20%
Valley Ford
20%
Valley Home
20%
Valley Ranch
20%
Valley Springs
20%
Valley Wells
20%
Val Verde
20%
Valyermo
20%
Vandenberg AFB
20%
Vandenberg Village
20%
Verano
20%
Verdi
20%
Vernon
20%
Vichy Springs
20%
Vidal
20%
View Park-Windsor Hills
20%
Villa Park
20%
Vina
20%
Vincent
20%
Vineburg
20%
Vine Hill
20%
Vineyard
20%
Virginia Lakes
20%
Vista
20%
Vista Santa Rosa
20%
Volcano
20%
Volta
20%
Walnut
20%
Walnut Creek
20%
Walnut Grove
20%
Walnut Park
20%
Warm Springs
20%
Warner Springs
20%
Warner Valley
20%
Wasco
20%
Waterford
20%
Waterloo
20%
Watsonville
20%
Waukena
20%
Wautec
20%
Wawona
20%
Weaverville
20%
Weed
20%
Weedpatch
20%
Weimar
20%
Weitchpec
20%
Weldon
20%
Wellsona
20%
Wendel
20%
Weott
20%
West Athens
20%
West Bishop
20%
West Carson
20%
West Covina
20%
West Goshen
20%
Westhaven-Moonstone
20%
West Hollywood
20%
Westlake Village
20%
Westley
20%
West Menlo Park
20%
Westminster
20%
West Modesto
20%
Westmont
20%
Westmorland
20%
West Park
20%
West Point
20%
Westport
20%
West Puente Valley
20%
West Rancho Dominguez
20%
West Sacramento
20%
Westside
20%
West Whittier-Los Nietos
20%
Westwood
20%
Wheatland
20%
White Hall
20%
Whitehawk
20%
Whitethorn
20%
Whitewater
20%
Whitley Gardens
20%
Whitmore
20%
Whittier
20%
Wildomar
20%
Wilkerson
20%
Williams Canyon
20%
Willits
20%
Willowbrook
20%
Willow Creek
20%
Willows
20%
Willow Valley
20%
Wilseyville
20%
Wilsona Gardens
20%
Wilsonia
20%
Wilton
20%
Winchester
20%
Windsor
20%
Winter Gardens
20%
Winters
20%
Winton
20%
Wofford Heights
20%
Woodacre
20%
Woodbridge
20%
Woodcrest
20%
Woodlake
20%
Woodland
20%
Woodlands
20%
Woodside
20%
Woodville
20%
Woodville Farm Labor Camp
20%
Woody
20%
Wrightwood
20%
Wynola
20%
Yankee Hill
20%
Yankee Jims
20%
Yermo
20%
Yettem
20%
Yokohl
20%
Yolo
20%
Yorba Linda
20%
Yosemite Lakes
20%
Yosemite Valley
20%
Yountville
20%
Yreka
20%
Yucaipa
20%
Yucca Valley
20%
Zamora
20%
Zayante
20%
Zenia
20%
Zinfandel
20%
Zzyzx
20%
Birds Landing
0%
California Hot Springs
0%
Canebrake
0%
Cantil
0%
Carmet
0%
Carmichael
0%
Carnelian Bay
0%
Carpinteria
0%
Carson
0%
Cartago
0%
Caruthers
0%
Casa Conejo
0%
Casa de Oro-Mount Helix
0%
Casa Loma
0%
Casmalia
0%
Caspar
0%
Cassel
0%
Castaic
0%
Castella
0%
Castle Hill
0%
Castro Valley
0%
Castroville
0%
Cathedral City
0%
Catheys Valley
0%
Cayucos
0%
Cazadero
0%
Cedar Flat
0%
Coso Junction
0%
Dunmovin
0%
Garlock
0%
Hooker
0%
Knightsen
0%
Pondosa
0%
Sugarload Mountain Park
0%
Viola
0%
No matching quizzes found
Score Distribution
Percent of People with Each Score
Percentile by Number Answered
Your Score History
You have not taken this quiz since the last reset